|
|
|
|
| LEADER |
00883nam a2200265 4500 |
| 001 |
712 |
| 003 |
BD-DhAAL |
| 005 |
20150224120621.0 |
| 008 |
150224s1973 nyua b 000 0 eng |
| 010 |
|
|
|a 72001906
|
| 020 |
|
|
|a 0684131927
|
| 040 |
|
|
|a DLC
|c DLC
|d DLC
|d BD-DhAAL
|
| 050 |
0 |
0 |
|a HT151
|b .H28
|
| 082 |
0 |
0 |
|a 301.36/3
|
| 100 |
1 |
|
|a Halebsky, Sandor,
|e comp.
|9 8772
|
| 245 |
1 |
4 |
|a The sociology of the city.
|
| 260 |
|
|
|a New York,
|b Scribner
|c [1973]
|
| 300 |
|
|
|a vii, 696 p.
|b illus.
|c 24 cm.
|
| 350 |
|
|
|a $10.95
|
| 504 |
|
|
|a "Selected bibliography of urban statistics": p. 695-696. Includes bibliographies.
|
| 541 |
|
|
|e 712
|
| 650 |
|
0 |
|a Sociology, Urban.
|9 8773
|
| 942 |
|
|
|2 ddc
|c BK
|
| 999 |
|
|
|c 33789
|d 33789
|
| 952 |
|
|
|0 0
|1 0
|2 ddc
|4 0
|6 301_363000000000000_HAL
|7 0
|9 52769
|a SCL
|b SCL
|c GEN
|d 2015-02-24
|e Gift: The Asia Foundation
|l 0
|o 301.363 HAL
|p 3020000712
|r 2015-02-24
|t 1
|w 2015-02-24
|y BK
|